Największe kraje według obszaru lub populacji - Statystyki

Ogólne statystyki
  • Ten quiz został rozwiązany 509 razy
  • Średni wynik to 20 z 31
Statystyki odpowiedzi
kraj % Poprawnych
Chiny
98%
Rosja
98%
Stany Zjednoczone
97%
Indie
95%
Kanada
94%
Brazylia
92%
Australia
81%
Argentyna
79%
Meksyk
78%
Kazachstan
76%
Niemcy
75%
Japonia
70%
Algieria
68%
Indonezja
68%
Mongolia
64%
D R Konga
63%
Egipt
62%
Pakistan
60%
Arabia Saudyjska
59%
Iran
59%
Nigeria
58%
Turcja
54%
Bangladesz
51%
Sudan
50%
Peru
44%
Libia
43%
Tajlandia
42%
Wietnam
41%
Etiopia
39%
Filipiny
38%
Czad
35%
Nie znaleziono quizów pasujących do podanych kryteriów
Rozkład punktacji
Procent ludzi z każdym wynikiem
Percentyl według liczby udzielonych odpowiedzi
Twoja historia wyników
Nie rozwiązałeś tego quizu